| 000 | 00492nam a2200169Ia 4500 | ||
|---|---|---|---|
| 005 | 20240404020558.0 | ||
| 008 | 240331s9999 xx 000 0 und d | ||
| 020 | _a9789551302405 | ||
| 082 |
_bRIG _a331 |
||
| 245 | 0 |
_aRights, Remittances and Reintegration : _bWomen Migrant Workers and Returnees in Sri Lanka |
|
| 260 |
_aColombo : _bLaw & Society Trust / _c2011. |
||
| 300 | _av, 168 p ., | ||
| 650 | _aLaw | ||
| 650 | _aSociety | ||
| 700 |
_aSkanthakumar, Balasingham _eedt |
||
| 942 | _cL | ||
| 999 |
_c5676 _d5676 |
||